[Event "ODJM B 2025"]
[Site "Willingen GER"]
[Date "2025.06.08"]
[Round "2"]
[White "Mlynarski, Milosz"]
[Black "Hoffmann, Sophia"]
[Result "1/2-1/2"]
[Termination "normal"]
[Board "50"]
[WhiteElo "1647"]
[BlackElo "1664"]
[WhiteClock "00:01:59"]
[BlackClock "00:00:38"]
[PlyCount "82"]
[WhiteFideId "34636854"]
[BlackFideId "16259130"]
[EventCountry "GER"]
[EventRounds "9"]
[EventType "swiss"]
[EventDate "2025.06.07"]

1. d4 {[%clk 01:27:55]} {[%emt 00:03:05]} f5 {[%clk 01:30:55]} {[%emt
00:00:06]} 2. c4 {[%clk 01:28:07]} {[%emt 00:00:18]} e6 {[%clk 01:31:10]}
{[%emt 00:00:15]} 3. Nc3 {[%clk 01:28:01]} {[%emt 00:00:36]} Bb4 {[%clk
01:30:55]} {[%emt 00:00:45]} 4. Bd2 {[%clk 01:27:40]} {[%emt 00:00:51]} Nf6
{[%clk 01:30:46]} {[%emt 00:00:39]} 5. Nf3 {[%clk 01:27:36]} {[%emt 00:00:34]}
b6 {[%clk 01:30:29]} {[%emt 00:00:47]} 6. a3 {[%clk 01:27:34]} {[%emt
00:00:33]} Bxc3 {[%clk 01:30:45]} {[%emt 00:00:14]} 7. Bxc3 {[%clk 01:27:56]}
{[%emt 00:00:08]} Bb7 {[%clk 01:29:28]} {[%emt 00:01:47]} 8. e3 {[%clk
01:26:19]} {[%emt 00:02:07]} d6 {[%clk 01:29:05]} {[%emt 00:00:52]} 9. Bd3
{[%clk 01:22:45]} {[%emt 00:04:04]} O-O {[%clk 01:27:14]} {[%emt 00:02:21]} 10.
O-O {[%clk 01:22:19]} {[%emt 00:00:56]} Nbd7 {[%clk 01:24:36]} {[%emt
00:03:07]} 11. b4 {[%clk 01:19:18]} {[%emt 00:03:32]} Qe8 {[%clk 01:19:59]}
{[%emt 00:05:06]} 12. d5 {[%clk 01:16:13]} {[%emt 00:03:36]} exd5 {[%clk
01:14:46]} {[%emt 00:05:43]} 13. Bxf5 {[%clk 01:15:59]} {[%emt 00:00:44]} Qh5
{[%clk 01:13:03]} {[%emt 00:02:13]} 14. Nd4 {[%clk 01:13:36]} {[%emt 00:02:52]}
Qh6 {[%clk 01:03:45]} {[%emt 00:09:48]} 15. Be6+ {[%clk 01:10:39]} {[%emt
00:03:27]} Kh8 {[%clk 01:02:48]} {[%emt 00:01:27]} 16. Nf5 {[%clk 01:08:51]}
{[%emt 00:02:19]} Qg6 {[%clk 00:57:17]} {[%emt 00:06:00]} 17. Bxd7 {[%clk
01:04:58]} {[%emt 00:04:24]} d4 {[%clk 00:55:00]} {[%emt 00:02:47]} 18. Nh4
{[%clk 00:58:41]} {[%emt 00:06:47]} Qh6 {[%clk 00:52:41]} {[%emt 00:02:48]} 19.
Nf5 {[%clk 00:56:56]} {[%emt 00:02:17]} Qg5 {[%clk 00:49:55]} {[%emt 00:03:14]}
20. Ng3 {[%clk 00:56:54]} {[%emt 00:00:34]} Nxd7 {[%clk 00:49:06]} {[%emt
00:01:18]} 21. Bxd4 {[%clk 00:57:05]} {[%emt 00:00:20]} Nf6 {[%clk 00:36:42]}
{[%emt 00:12:52]} 22. Rb1 {[%clk 00:48:31]} {[%emt 00:09:05]} Rae8 {[%clk
00:33:31]} {[%emt 00:03:40]} 23. c5 {[%clk 00:39:16]} {[%emt 00:09:45]} Re6
{[%clk 00:21:13]} {[%emt 00:12:47]} 24. Qc2 {[%clk 00:33:28]} {[%emt 00:06:20]}
Ng4 {[%clk 00:16:11]} {[%emt 00:05:32]} 25. c6 {[%clk 00:31:15]} {[%emt
00:02:43]} Ba6 {[%clk 00:12:36]} {[%emt 00:04:05]} 26. Qb3 {[%clk 00:17:47]}
{[%emt 00:13:57]} Rh6 {[%clk 00:08:55]} {[%emt 00:04:11]} 27. b5 {[%clk
00:11:01]} {[%emt 00:07:17]} Bc8 {[%clk 00:02:03]} {[%emt 00:07:21]} 28. e4
{[%clk 00:01:57]} {[%emt 00:09:34]} Nxh2 {[%clk 00:01:39]} {[%emt 00:00:53]}
29. Be3 {[%clk 00:01:26]} {[%emt 00:01:01]} Qh4 {[%clk 00:01:34]} {[%emt
00:00:34]} 30. Bxh6 {[%clk 00:01:48]} {[%emt 00:00:10]} Ng4 {[%clk 00:01:41]}
{[%emt 00:00:22]} 31. Bxg7+ {[%clk 00:01:58]} {[%emt 00:00:21]} Kxg7 {[%clk
00:02:04]} {[%emt 00:00:07]} 32. Nf5+ {[%clk 00:01:39]} {[%emt 00:00:49]} Bxf5
{[%clk 00:02:09]} {[%emt 00:00:26]} 33. Qh3 {[%clk 00:01:56]} {[%emt 00:00:12]}
Qxh3 {[%clk 00:02:14]} {[%emt 00:00:25]} 34. gxh3 {[%clk 00:02:19]} {[%emt
00:00:06]} Bxe4 {[%clk 00:02:36]} {[%emt 00:00:09]} 35. hxg4 {[%clk 00:02:38]}
{[%emt 00:00:11]} Bxb1 {[%clk 00:02:56]} {[%emt 00:00:10]} 36. Rxb1 {[%clk
00:02:50]} {[%emt 00:00:18]} Rf4 {[%clk 00:03:13]} {[%emt 00:00:11]} 37. Rb4
{[%clk 00:03:09]} {[%emt 00:00:13]} Rxb4 {[%clk 00:03:25]} {[%emt 00:00:17]}
38. axb4 {[%clk 00:03:38]} {[%emt 00:00:02]} Kg6 {[%clk 00:02:47]} {[%emt
00:01:07]} 39. Kg2 {[%clk 00:02:38]} {[%emt 00:01:30]} h5 {[%clk 00:00:50]}
{[%emt 00:02:27]} 40. Kg3 {[%clk 00:01:37]} {[%emt 00:01:32]} hxg4 {[%clk
00:00:41]} {[%emt 00:00:39]} 41. Kxg4 {[%clk 00:01:59]} {[%emt 00:00:08]} Kf6
{[%clk 00:00:38]} {[%emt 00:00:32]} 1/2-1/2

[Event "ODJM B 2025"]
[Site "Willingen GER"]
[Date "2025.06.08"]
[Round "2"]
[White "Subocz, Barbara"]
[Black "Müller, Maximilian"]
[Result "0-1"]
[Termination "normal"]
[Board "51"]
[WhiteElo "1559"]
[BlackElo "1745"]
[WhiteClock "00:45:39"]
[BlackClock "00:15:40"]
[PlyCount "76"]
[WhiteFideId "41805658"]
[BlackFideId "34640282"]
[EventCountry "GER"]
[EventRounds "9"]
[EventType "swiss"]
[EventDate "2025.06.07"]

1. e4 {[%clk 01:30:58]} {[%emt 00:00:01]} c5 {[%clk 01:30:54]} {[%emt
00:00:06]} 2. Nf3 {[%clk 01:31:26]} {[%emt 00:00:03]} g6 {[%clk 01:31:19]}
{[%emt 00:00:05]} 3. d4 {[%clk 01:31:50]} {[%emt 00:00:06]} cxd4 {[%clk
01:31:44]} {[%emt 00:00:05]} 4. Nxd4 {[%clk 01:32:10]} {[%emt 00:00:10]} Nc6
{[%clk 01:32:07]} {[%emt 00:00:07]} 5. Be3 {[%clk 01:32:14]} {[%emt 00:00:26]}
Bg7 {[%clk 01:32:28]} {[%emt 00:00:09]} 6. Nc3 {[%clk 01:32:36]} {[%emt
00:00:08]} Nf6 {[%clk 01:32:53]} {[%emt 00:00:04]} 7. f3 {[%clk 01:32:57]}
{[%emt 00:00:09]} O-O {[%clk 01:33:16]} {[%emt 00:00:07]} 8. Bc4 {[%clk
01:32:26]} {[%emt 00:01:01]} Re8 {[%clk 01:33:36]} {[%emt 00:00:10]} 9. Qd2
{[%clk 01:32:35]} {[%emt 00:00:21]} e6 {[%clk 01:12:19]} {[%emt 00:21:46]} 10.
h4 {[%clk 01:32:20]} {[%emt 00:00:45]} d5 {[%clk 01:11:32]} {[%emt 00:01:18]}
11. Bb3 {[%clk 01:29:28]} {[%emt 00:03:22]} Nxd4 {[%emt 00:08:22]} 12. Bxd4
{[%clk 01:24:45]} {[%emt 00:02:45]} dxe4 {[%clk 00:56:10]} {[%emt 00:10:29]}
13. O-O-O {[%clk 01:12:13]} {[%emt 00:13:01]} e5 {[%clk 00:37:37]} {[%emt
00:19:01]} 14. Be3 {[%clk 01:07:20]} {[%emt 00:05:24]} Qxd2+ {[%clk 00:37:19]}
{[%emt 00:00:48]} 15. Rxd2 {[%clk 01:02:14]} {[%emt 00:05:36]} exf3 {[%clk
00:37:30]} {[%emt 00:00:20]} 16. gxf3 {[%clk 01:01:41]} {[%emt 00:01:03]} Be6
{[%clk 00:33:32]} {[%emt 00:04:27]} 17. Nd5 {[%clk 00:59:13]} {[%emt 00:02:58]}
Nxd5 {[%clk 00:33:13]} {[%emt 00:00:50]} 18. Bxd5 {[%clk 00:59:22]} {[%emt
00:00:21]} Bxd5 {[%clk 00:32:07]} {[%emt 00:01:37]} 19. Rxd5 {[%clk 00:59:37]}
{[%emt 00:00:14]} Red8 {[%clk 00:32:02]} {[%emt 00:00:35]} 20. Rc5 {[%clk
00:58:34]} {[%emt 00:01:33]} Rac8 {[%clk 00:21:43]} {[%emt 00:10:49]} 21. Rxc8
{[%clk 00:58:06]} {[%emt 00:00:58]} Rxc8 {[%clk 00:22:09]} {[%emt 00:00:04]}
22. Rd1 {[%clk 00:57:59]} {[%emt 00:00:37]} Bf6 {[%clk 00:20:31]} {[%emt
00:02:08]} 23. Rh1 {[%clk 00:55:12]} {[%emt 00:03:16]} a6 {[%clk 00:18:53]}
{[%emt 00:02:09]} 24. h5 {[%clk 00:55:13]} {[%emt 00:00:29]} Rd8 {[%clk
00:17:42]} {[%emt 00:01:41]} 25. hxg6 {[%clk 00:52:51]} {[%emt 00:02:51]} fxg6
{[%clk 00:17:23]} {[%emt 00:00:49]} 26. Rg1 {[%clk 00:52:14]} {[%emt 00:01:06]}
Kg7 {[%clk 00:16:34]} {[%emt 00:01:21]} 27. f4 {[%clk 00:51:24]} {[%emt
00:01:20]} exf4 {[%clk 00:16:24]} {[%emt 00:00:40]} 28. Bxf4 {[%clk 00:51:34]}
{[%emt 00:00:19]} Rd5 {[%clk 00:16:37]} {[%emt 00:00:17]} 29. b3 {[%clk
00:50:58]} {[%emt 00:01:07]} g5 {[%clk 00:16:43]} {[%emt 00:00:24]} 30. c4
{[%clk 00:50:42]} {[%emt 00:00:46]} Rf5 {[%clk 00:16:53]} {[%emt 00:00:19]} 31.
Bd6 {[%clk 00:50:35]} {[%emt 00:00:37]} h5 {[%clk 00:16:35]} {[%emt 00:00:48]}
32. a4 {[%clk 00:50:00]} {[%emt 00:01:05]} g4 {[%clk 00:16:28]} {[%emt
00:00:38]} 33. c5 {[%clk 00:50:09]} {[%emt 00:00:21]} Bd4 {[%clk 00:15:52]}
{[%emt 00:01:06]} 34. Re1 {[%clk 00:50:11]} {[%emt 00:00:28]} Bxc5 {[%clk
00:16:06]} {[%emt 00:00:16]} 35. Be5+ {[%clk 00:49:02]} {[%emt 00:01:39]} Kg6
{[%clk 00:16:20]} {[%emt 00:00:16]} 36. Kc2 {[%clk 00:48:57]} {[%emt 00:00:34]}
Bf2 {[%clk 00:15:29]} {[%emt 00:01:20]} 37. Re2 {[%clk 00:48:39]} {[%emt
00:00:48]} g3 {[%clk 00:15:23]} {[%emt 00:00:36]} 38. Bxg3 {[%clk 00:45:39]}
{[%emt 00:03:30]} Bxg3 {[%clk 00:15:40]} {[%emt 00:00:13]} 0-1

[Event "ODJM B 2025"]
[Site "Willingen GER"]
[Date "2025.06.08"]
[Round "2"]
[White "Sauer, Ben"]
[Black "Zielke, Marek"]
[Result "1-0"]
[Termination "normal"]
[Board "52"]
[WhiteElo "1675"]
[BlackElo "1572"]
[WhiteClock "00:09:23"]
[BlackClock "00:46:18"]
[PlyCount "43"]
[WhiteFideId "34606866"]
[BlackFideId "34661808"]
[EventCountry "GER"]
[EventRounds "9"]
[EventType "swiss"]
[EventDate "2025.06.07"]

1. e4 {[%clk 01:30:57]} {[%emt 00:00:03]} e5 {[%clk 01:30:50]} {[%emt
00:00:10]} 2. Nf3 {[%clk 01:31:04]} {[%emt 00:00:23]} Nc6 {[%clk 01:31:15]}
{[%emt 00:00:05]} 3. Bc4 {[%clk 01:31:28]} {[%emt 00:00:06]} Bc5 {[%clk
01:31:40]} {[%emt 00:00:04]} 4. c3 {[%clk 01:31:31]} {[%emt 00:00:27]} Nf6
{[%clk 01:32:04]} {[%emt 00:00:06]} 5. d3 {[%clk 01:31:38]} {[%emt 00:00:23]}
d6 {[%clk 01:31:38]} {[%emt 00:00:55]} 6. Bb3 {[%clk 01:31:50]} {[%emt
00:00:18]} Be6 {[%clk 01:31:28]} {[%emt 00:00:40]} 7. Bc2 {[%clk 01:32:02]}
{[%emt 00:00:19]} h6 {[%clk 01:31:10]} {[%emt 00:00:48]} 8. O-O {[%clk
01:31:24]} {[%emt 00:01:07]} Qd7 {[%clk 01:30:25]} {[%emt 00:01:15]} 9. d4
{[%clk 01:31:16]} {[%emt 00:00:39]} exd4 {[%clk 01:24:48]} {[%emt 00:06:07]}
10. cxd4 {[%clk 01:31:28]} {[%emt 00:00:18]} Bc4 {[%clk 01:23:19]} {[%emt
00:01:59]} 11. dxc5 {[%clk 01:16:38]} {[%emt 00:15:20]} Bxf1 {[%clk 01:23:26]}
{[%emt 00:00:22]} 12. Qxf1 {[%clk 01:14:43]} {[%emt 00:02:25]} dxc5 {[%clk
01:23:40]} {[%emt 00:00:17]} 13. Qc4 {[%clk 01:08:06]} {[%emt 00:07:07]} O-O
{[%clk 01:20:32]} {[%emt 00:03:37]} 14. Be3 {[%clk 00:55:59]} {[%emt 00:12:37]}
Rfe8 {[%clk 01:10:31]} {[%emt 00:10:32]} 15. Nc3 {[%clk 00:47:11]} {[%emt
00:09:18]} b6 {[%clk 01:04:56]} {[%emt 00:06:05]} 16. Nd5 {[%clk 00:27:32]}
{[%emt 00:20:08]} Nxd5 {[%clk 00:59:07]} {[%emt 00:06:19]} 17. exd5 {[%clk
00:27:10]} {[%emt 00:00:53]} Na5 {[%clk 00:51:21]} {[%emt 00:08:14]} 18. Qd3
{[%clk 00:24:31]} {[%emt 00:03:10]} Rad8 {[%clk 00:50:38]} {[%emt 00:01:13]}
19. Qh7+ {[%clk 00:14:32]} {[%emt 00:10:29]} Kf8 {[%clk 00:50:39]} {[%emt
00:00:30]} 20. Qh8+ {[%clk 00:13:35]} {[%emt 00:01:26]} Ke7 {[%clk 00:50:35]}
{[%emt 00:00:34]} 21. Qxg7 {[%clk 00:13:42]} {[%emt 00:00:23]} Rg8 {[%clk
00:46:18]} {[%emt 00:04:47]} 22. Qe5+ {[%clk 00:09:23]} {[%emt 00:04:49]} 1-0

[Event "ODJM B 2025"]
[Site "Willingen GER"]
[Date "2025.06.08"]
[Round "2"]
[White "Stepanjan, Tatevik Mia"]
[Black "Hantke, Karl"]
[Result "1/2-1/2"]
[Termination "normal"]
[Board "53"]
[WhiteElo "1604"]
[BlackElo "1666"]
[WhiteClock "00:05:08"]
[BlackClock "00:57:57"]
[PlyCount "69"]
[WhiteFideId "16246128"]
[BlackFideId "34640827"]
[EventCountry "GER"]
[EventRounds "9"]
[EventType "swiss"]
[EventDate "2025.06.07"]

1. e4 {[%clk 01:30:56]} {[%emt 00:00:03]} c5 {[%clk 01:30:48]} {[%emt
00:00:13]} 2. Nf3 {[%clk 01:31:21]} {[%emt 00:00:05]} Nc6 {[%clk 01:30:00]}
{[%emt 00:01:18]} 3. d4 {[%clk 01:31:43]} {[%emt 00:00:07]} cxd4 {[%clk
01:29:57]} {[%emt 00:00:33]} 4. Nxd4 {[%clk 01:32:07]} {[%emt 00:00:07]} e5
{[%clk 01:30:17]} {[%emt 00:00:11]} 5. Nf3 {[%clk 01:30:44]} {[%emt 00:01:52]}
Nf6 {[%clk 01:30:10]} {[%emt 00:00:36]} 6. Nc3 {[%clk 01:29:52]} {[%emt
00:01:23]} Bb4 {[%clk 01:28:02]} {[%emt 00:02:37]} 7. Bd3 {[%clk 01:29:41]}
{[%emt 00:00:41]} O-O {[%clk 01:25:13]} {[%emt 00:03:20]} 8. O-O {[%clk
01:29:21]} {[%emt 00:00:50]} d5 {[%clk 01:23:44]} {[%emt 00:01:58]} 9. exd5
{[%clk 01:22:05]} {[%emt 00:07:46]} Bxc3 {[%clk 01:19:53]} {[%emt 00:04:22]}
10. dxc6 {[%clk 01:17:00]} {[%emt 00:05:35]} e4 {[%clk 01:16:11]} {[%emt
00:04:12]} 11. bxc3 {[%clk 01:10:36]} {[%emt 00:06:54]} exf3 {[%clk 01:15:50]}
{[%emt 00:00:51]} 12. Qxf3 {[%clk 01:10:31]} {[%emt 00:00:35]} Bg4 {[%clk
01:15:32]} {[%emt 00:00:48]} 13. Qg3 {[%clk 01:08:16]} {[%emt 00:02:44]} bxc6
{[%clk 01:10:26]} {[%emt 00:05:37]} 14. h3 {[%emt 00:01:06]} Bh5 {[%clk
01:09:39]} {[%emt 00:00:31]} 15. Bh6 {[%clk 01:06:04]} {[%emt 00:02:51]} Bg6
{[%clk 01:09:33]} {[%emt 00:00:37]} 16. Bxg6 {[%clk 01:01:17]} {[%emt
00:05:17]} hxg6 {[%clk 01:09:06]} {[%emt 00:00:58]} 17. Bg5 {[%clk 01:00:11]}
{[%emt 00:01:33]} Ne4 {[%clk 01:04:32]} {[%emt 00:05:06]} 18. Bxd8 {[%clk
00:58:44]} {[%emt 00:01:57]} Nxg3 {[%clk 01:04:48]} {[%emt 00:00:14]} 19. fxg3
{[%clk 00:56:33]} {[%emt 00:02:40]} Raxd8 {[%clk 01:04:52]} {[%emt 00:00:26]}
20. Rad1 {[%clk 00:52:10]} {[%emt 00:04:54]} Rfe8 {[%clk 01:04:43]} {[%emt
00:00:39]} 21. Rxd8 {[%clk 00:28:01]} Rxd8 {[%clk 01:01:53]} {[%emt 00:27:59]}
22. Rb1 {[%clk 00:26:05]} {[%emt 00:02:26]} Rd2 {[%clk 00:59:30]} {[%emt
00:02:53]} 23. Rb2 {[%clk 00:25:30]} {[%emt 00:01:04]} Re2 {[%clk 00:58:46]}
{[%emt 00:01:15]} 24. g4 {[%clk 00:24:58]} {[%emt 00:01:02]} Re3 {[%clk
00:59:06]} {[%emt 00:00:10]} 25. Rb3 {[%clk 00:23:46]} {[%emt 00:01:42]} Re2
{[%clk 00:59:29]} {[%emt 00:00:07]} 26. Rb2 {[%clk 00:23:30]} {[%emt 00:00:45]}
Re3 {[%clk 00:59:46]} {[%emt 00:00:14]} 27. Rb8+ {[%clk 00:13:34]} {[%emt
00:10:26]} Kh7 {[%clk 01:00:03]} {[%emt 00:00:12]} 28. Rb7 {[%clk 00:10:09]}
{[%emt 00:03:56]} f6 {[%clk 00:57:42]} {[%emt 00:02:51]} 29. Rxa7 {[%clk
00:09:08]} {[%emt 00:01:31]} Rxc3 {[%clk 00:57:33]} {[%emt 00:00:39]} 30. a4
{[%clk 00:08:52]} {[%emt 00:00:46]} Rxc2 {[%clk 00:57:42]} {[%emt 00:00:20]}
31. a5 {[%clk 00:09:05]} {[%emt 00:00:17]} Ra2 {[%clk 00:57:57]} {[%emt
00:00:15]} 32. a6 {[%clk 00:06:34]} {[%emt 00:03:02]} c5 {[%clk 00:58:16]}
{[%emt 00:00:11]} 33. Rc7 {[%clk 00:05:07]} {[%emt 00:01:56]} Rxa6 {[%clk
00:57:47]} {[%emt 00:00:59]} 34. Rxc5 {[%clk 00:05:31]} {[%emt 00:00:06]} g5
{[%clk 00:57:57]} {[%emt 00:00:20]} 35. Kf2 {[%clk 00:05:08]} {[%emt 00:02:27]}
1/2-1/2

[Event "ODJM B 2025"]
[Site "Willingen GER"]
[Date "2025.06.08"]
[Round "2"]
[White "Meller, Nils"]
[Black "Schiewe, Nadin"]
[Result "0-1"]
[Termination "normal"]
[Board "54"]
[WhiteElo "1433"]
[BlackElo "1764"]
[WhiteClock "00:22:58"]
[BlackClock "00:31:04"]
[PlyCount "60"]
[WhiteFideId "34644962"]
[BlackFideId "16209079"]
[EventCountry "GER"]
[EventRounds "9"]
[EventType "swiss"]
[EventDate "2025.06.07"]

1. d4 {[%clk 01:30:49]} {[%emt 00:00:11]} d5 {[%clk 01:30:53]} {[%emt
00:00:08]} 2. Bf4 {[%clk 01:30:54]} {[%emt 00:00:24]} e6 {[%clk 01:30:54]}
{[%emt 00:00:29]} 3. e3 {[%clk 01:30:48]} {[%emt 00:00:36]} c6 {[%clk
01:30:21]} {[%emt 00:01:04]} 4. Nf3 {[%clk 01:29:55]} {[%emt 00:01:22]} Qb6
{[%clk 01:27:06]} {[%emt 00:03:46]} 5. Qc1 {[%clk 01:27:52]} {[%emt 00:02:32]}
Nf6 {[%clk 01:25:51]} {[%emt 00:01:46]} 6. c4 {[%clk 01:26:30]} {[%emt
00:01:53]} Qa5+ {[%clk 01:18:10]} {[%emt 00:08:10]} 7. Nbd2 {[%clk 01:21:47]}
{[%emt 00:05:11]} Ne4 {[%clk 01:15:26]} {[%emt 00:03:15]} 8. a3 {[%clk
01:18:33]} {[%emt 00:03:44]} f5 {[%clk 01:08:46]} {[%emt 00:07:10]} 9. Be2
{[%clk 01:14:34]} {[%emt 00:04:26]} Be7 {[%clk 01:05:22]} {[%emt 00:03:57]} 10.
O-O {[%clk 01:12:37]} {[%emt 00:02:25]} O-O {[%clk 01:04:28]} {[%emt 00:01:27]}
11. Nxe4 {[%clk 01:09:04]} {[%emt 00:04:00]} fxe4 {[%clk 01:04:42]} {[%emt
00:00:18]} 12. Ne5 {[%clk 01:07:09]} {[%emt 00:02:25]} Nd7 {[%clk 01:04:35]}
{[%emt 00:00:37]} 13. Nxd7 {[%clk 01:05:47]} {[%emt 00:01:52]} Bxd7 {[%clk
01:04:57]} {[%emt 00:00:09]} 14. Qc2 {[%clk 01:05:37]} {[%emt 00:00:35]} Be8
{[%clk 00:54:29]} {[%emt 00:11:03]} 15. Rfd1 {[%clk 01:00:29]} {[%emt
00:05:33]} g5 {[%clk 00:51:22]} {[%emt 00:03:41]} 16. Bg3 {[%clk 00:57:14]}
{[%emt 00:03:40]} Bg6 {[%clk 00:50:45]} {[%emt 00:01:12]} 17. h3 {[%clk
00:55:02]} {[%emt 00:02:42]} Rf7 {[%clk 00:49:54]} {[%emt 00:01:22]} 18. b4
{[%clk 00:53:29]} {[%emt 00:02:03]} Qd8 {[%clk 00:49:54]} {[%emt 00:00:30]} 19.
c5 {[%clk 00:52:10]} {[%emt 00:01:48]} h5 {[%clk 00:46:29]} {[%emt 00:03:56]}
20. f4 {[%clk 00:47:56]} {[%emt 00:04:39]} h4 {[%clk 00:44:09]} {[%emt
00:02:54]} 21. Bh2 {[%clk 00:47:01]} {[%emt 00:01:24]} gxf4 {[%clk 00:42:33]}
{[%emt 00:02:07]} 22. Bxf4 {[%clk 00:46:46]} {[%emt 00:00:44]} Bg5 {[%clk
00:41:53]} {[%emt 00:01:11]} 23. Bxg5 {[%clk 00:44:35]} {[%emt 00:02:41]} Qxg5
{[%clk 00:42:14]} {[%emt 00:00:09]} 24. Qd2 {[%clk 00:43:58]} {[%emt 00:01:07]}
Rg7 {[%clk 00:39:12]} {[%emt 00:03:33]} 25. Bf1 {[%clk 00:41:26]} {[%emt
00:02:57]} Bf5 {[%clk 00:34:49]} {[%emt 00:04:57]} 26. Kh1 {[%clk 00:34:04]}
{[%emt 00:07:49]} Bxh3 {[%clk 00:33:59]} {[%emt 00:01:23]} 27. Ra2 {[%clk
00:27:20]} {[%emt 00:07:14]} Rf8 {[%clk 00:32:20]} {[%emt 00:02:09]} 28. b5
{[%clk 00:24:02]} {[%emt 00:03:49]} Rgf7 {[%clk 00:31:00]} {[%emt 00:01:49]}
29. Raa1 {[%clk 00:23:29]} {[%emt 00:01:01]} Rf2 {[%clk 00:31:14]} {[%emt
00:00:18]} 30. Qe1 {[%clk 00:22:58]} {[%emt 00:01:00]} Bxg2+ {[%clk 00:31:04]}
{[%emt 00:00:42]} 0-1

[Event "ODJM B 2025"]
[Site "Willingen GER"]
[Date "2025.06.08"]
[Round "2"]
[White "Rotärmel, Leonie"]
[Black "Hildebrand, Azat"]
[Result "1/2-1/2"]
[Termination "normal"]
[Board "55"]
[WhiteElo "1699"]
[BlackElo "1602"]
[WhiteClock "00:16:00"]
[BlackClock "01:05:24"]
[PlyCount "44"]
[WhiteFideId "16281390"]
[BlackFideId "34607536"]
[EventCountry "GER"]
[EventRounds "9"]
[EventType "swiss"]
[EventDate "2025.06.07"]

1. e4 {[%clk 01:30:57]} {[%emt 00:00:03]} c6 {[%clk 01:30:56]} {[%emt
00:00:05]} 2. d4 {[%clk 01:31:21]} {[%emt 00:00:06]} d5 {[%clk 01:31:23]}
{[%emt 00:00:04]} 3. Nc3 {[%clk 01:31:46]} {[%emt 00:00:03]} dxe4 {[%clk
01:31:50]} {[%emt 00:00:04]} 4. Nxe4 {[%clk 01:32:08]} {[%emt 00:00:07]} Nd7
{[%clk 01:32:18]} {[%emt 00:00:03]} 5. c3 {[%clk 01:31:43]} {[%emt 00:00:54]}
Ngf6 {[%clk 01:32:24]} {[%emt 00:00:25]} 6. Nxf6+ {[%clk 01:31:59]} {[%emt
00:00:13]} Nxf6 {[%clk 01:32:50]} {[%emt 00:00:04]} 7. Bd3 {[%clk 01:31:37]}
{[%emt 00:00:52]} Bg4 {[%clk 01:32:34]} {[%emt 00:00:47]} 8. f3 {[%clk
01:28:51]} {[%emt 00:03:16]} Bh5 {[%clk 01:33:00]} {[%emt 00:00:04]} 9. Ne2
{[%clk 01:29:03]} {[%emt 00:00:18]} e6 {[%clk 01:33:09]} {[%emt 00:00:21]} 10.
Nf4 {[%clk 01:28:18]} {[%emt 00:01:13]} Bg6 {[%clk 01:33:25]} {[%emt 00:00:15]}
11. Nxg6 {[%clk 01:20:42]} {[%emt 00:08:07]} hxg6 {[%clk 01:33:39]} {[%emt
00:00:16]} 12. Bf4 {[%clk 01:16:38]} {[%emt 00:04:33]} Bd6 {[%clk 01:32:22]}
{[%emt 00:01:49]} 13. Qd2 {[%clk 01:03:00]} {[%emt 00:14:08]} Qc7 {[%clk
01:32:13]} {[%emt 00:00:39]} 14. Bxd6 {[%clk 01:03:09]} {[%emt 00:00:21]} Qxd6
{[%clk 01:32:36]} {[%emt 00:00:07]} 15. g3 {[%clk 01:02:55]} {[%emt 00:00:43]}
O-O-O {[%clk 01:32:25]} {[%emt 00:00:42]} 16. Bc4 {[%clk 00:43:26]} {[%emt
00:19:58]} c5 {[%clk 01:31:55]} {[%emt 00:01:01]} 17. Rd1 {[%clk 00:39:53]}
{[%emt 00:04:02]} Qc6 {[%clk 01:31:29]} {[%emt 00:00:56]} 18. Qe2 {[%clk
00:36:27]} {[%emt 00:03:56]} cxd4 {[%clk 01:30:42]} {[%emt 00:01:17]} 19. cxd4
{[%clk 00:34:52]} {[%emt 00:02:06]} Rh5 {[%clk 01:28:04]} {[%emt 00:03:08]} 20.
O-O {[%clk 00:29:06]} {[%emt 00:06:15]} Kb8 {[%clk 01:26:48]} {[%emt 00:01:47]}
21. Rd2 {[%clk 00:21:52]} {[%emt 00:07:43]} Nd5 {[%clk 01:13:31]} {[%emt
00:13:48]} 22. Bb3 {[%clk 00:16:00]} {[%emt 00:06:22]} Ka8 {[%clk 01:05:24]}
{[%emt 00:08:37]} 1/2-1/2